Celtic goalscorers from 2000/01 to 2025/26 - Statistics

General Stats
  • This quiz has been taken 108 times
    19 since last reset
  • The average score is 67 of 193
Answer Stats
Hint Answer % Correct
FW Sweden Henrik Larsson
89%
FW Guinea-Bissau Amido Balde
67%
DF Guniea Bobo Balde
67%
FW Japan Daizen Maeda
67%
DF Belgium Jason Denayer
67%
FW Wales John Hartson
67%
FW Japan Kyogo Furuhashi
67%
MF Scotland Mikey Johnston
67%
FW South Korea Oh Hyeon-gyu
67%
MF Scotland Scott Brown
67%
DF Netherlands Virgil van Dijk
67%
MF Scotland Callum McGregor
56%
DF USA Cameron Carter-Vickers
56%
FW England Chris Sutton
56%
DF France Didier Agathe
56%
DF Scotland Greg Taylor
56%
MF Scotland James Forrest
56%
FW Netherlands Jan Vennegoor of Hessilink
56%
MF Portugal Joao Pedro Neves Filipe
56%
DF Belgium Joos Valgaeren
56%
MF South Korea Ki Sung Yeung
56%
DF Norway Kristoffer Ajer
56%
FW Scotland Leigh Griffiths
56%
DF Ireland Liam Scales
56%
MF Israel Liel Abada
56%
DF Sweden Mikael Lustig
56%
FW France Odsonne Edouard
56%
MF Scotland Paul Lambert
56%
MF Japan Reo Hatate
56%
FW Ireland Robbie Keane
56%
MF Ireland Roy Keane
56%
DF England Alan Stubbs
44%
FW Ireland Anthony Stokes
44%
DF USA Auston Trusty
44%
MF Scotland Barry Robson
44%
MF Israel Beram Kayal
44%
DF Sweden Carl Starfelt
44%
DF South Korea Cha Du Ri
44%
DF France Christopher Jullien
44%
FW Turkey Colin Kazim-Richards
44%
FW Wales Craig Bellamy
44%
DF Honduras Emilio Izaguirre
44%
FW England Gary Hooper
44%
FW Greece Georgios Samaras
44%
FW Greece Giorgios Giakoumakis
44%
MF South Korea Hyunjun Yang
44%
MF Wales Joe Ledley
44%
DF Croatia Josip Juranovic
44%
MF England Karamoko Dembele
44%
DF Scotland Kieran Tierney
44%
MF Slovakia Lubo Moravcik
44%
DF Poland Maik Nawrocki
44%
MF Denmark Matt O'Riley
44%
FW France Moussa Dembele
44%
MF Northern Ireland Neil Lennon
44%
MF Germany Nicolas Kuhn
44%
MF Israel Nir Bitton
44%
MF Portugal Paulo Bernardo
44%
FW Australia Scott McDonald
44%
DF Ireland Shane Duffy
44%
MF Bulgaria Stiliyan Petrov
44%
DF Norway Thomas Rogne
44%
FW USA Timo Weah
44%
FW England Tommy Johnson
44%
MF Australia Tom Rogic
44%
MF Kenya Victor Wanyama
44%
MF Norway Vidar Riseth
44%
MF Australia Aaron Mooy
33%
FW Ireland Adam Idah
33%
DF Wales Adam Matthews
33%
MF Ireland Aiden McGeady
33%
MF England Alan Thompson
33%
DF Argentina Alexandro Bernabei
33%
DF Germany Andreas Hinkel
33%
DF Scotland Anthony Ralston
33%
DF Morocco Badr El Kaddouri
33%
MF Sweden Benjamin Nygren
33%
FW England Carlton Cole
33%
FW New Zealand Chris Killen
33%
DF Ireland Darren O'Dea
33%
MF Scotland David Turnbull
33%
DF Belgium Dedryck Boyata
33%
DF Uruguay Diego Laxalt
33%
FW England Dion Dublin
33%
DF Nigeria Efe Ambrose
33%
DF Mexico Efrain Juarez
33%
MF Netherlands Evander Sno
33%
MF Israel Eyal Berkovic
33%
DF Sweden Gustaf Lagerbielke
33%
MF Ivory Coast Ismaila Soro
33%
FW Scotland Jack Aitchison
33%
DF Cameroon Jean-Joel Perrier-Doumbe
33%
DF Netherlands Jeremie Frimpong
33%
MF Czech Republic Jiri Jarosik
33%
DF Sweden Johan Mjalby
33%
FW Sweden John Guidetti
33%
FW Ireland Johnny Kenny
33%
DF England Josh Thompson
33%
FW Nigeria Kelechi Iheanacho
33%
FW Scotland Kenny Miller
33%
MF Japan Koki Mizuno
33%
MF Scotland Lewis Morgan
33%
MF Ireland Liam Miller
33%
MF Honduras Luis Palma
33%
FW France Marc-Antonie Fortune
33%
MF Spain Marc Crosas
33%
MF Ukraine Marian Shved
33%
MF Italy Massimo Donati
33%
MF Norway Mohamed Elyounoussi
33%
MF Guniea Momo Sylla
33%
DF Germany Moritz Jenz
33%
FW Turkey Nadir Ciftci
33%
MF Norway Odin Thiago Holm
33%
FW Poland Patryk Klimala
33%
MF Scotland Paul Hartley
33%
MF Brazil Paulista Juninho
33%
DF Scotland Paul Telfer
33%
MF Scotland Ryan Christie
33%
MF Montenegro Sead Haksabanovik
33%
MF Scotland Shaun Maloney
33%
MF Japan Shunsuke Nakamura
33%
DF Slovakia Stanislav Varga
33%
MF Norway Stefan Johansen
33%
DF Scotland Stephen McManus
33%
MF Scotland Stephen Pearson
33%
DF Scotland Stephen Welsh
33%
MF Scotland Stuart Armstrong
33%
MF Denmark Thomas Gravesen
33%
MF Japan Tomoki Iwata
33%
FW Ivory Coast Vakoun Issouf Bayo
33%
FW Switzerland Albian Ajeti
22%
MF Belgium Arne Engels
22%
DF Scotland Charlie Mulgrew
22%
FW Ireland Cillian Sheridan
22%
MF Ireland Colin Healy
22%
DF Scotland Dane Murray
22%
MF Scotland Daniel Kelly
22%
DF Sweden Daniel Majstorovic
22%
FW Ireland Daryl Murphy
22%
FW Spain David Fernandez
22%
MF Scotland Derek Riordan
22%
DF Denmark Erik Sviatchenko
22%
DF Croatia Filip Benkovic
22%
DF Scotland Gary Caldwell
22%
MF Scotland Gary Mackay-Steven
22%
DF Netherlands Glen Loovens
22%
FW Senegal Henri Camara
22%
DF Scotland Jackie McNamara
22%
MF Scotland Jamie Smith
22%
DF Ghana Jeffrey Schlupp
22%
FW Norway Jo Inge Berget
22%
MF Ireland Jonny Hayes
22%
DF Croatia Jozo Simunovic
22%
DF England Lee Naylor
22%
MF Scotland Luke McCowan
22%
FW Poland Maciej Zurawski
22%
DF Scotland Mark Wilson
22%
FW Denmark Morten Rasmussen
22%
MF Denmark Morten Wieghorst
22%
MF Ghana Mubarak Wakaso
22%
FW Scotland Oliver Burke
22%
MF France Olivier Ntcham
22%
MF Northern Ireland Paddy McCourt
22%
DF Israel Rami Gershon
22%
DF Switzerland Ramon Vega
22%
MF Ireland Rocco Vata
22%
FW Serbia Stefan Scepovic
22%
DF Scotland Stephen Crainey
22%
DF Scotland Steven Presley
22%
FW Finland Temu Pukki
22%
FW Scotland Tony Watt
22%
MF China Zheng Zhi
22%
DF Canada Alistar Johnston
11%
FW Bosnia Bahrudin Atajic
11%
MF Netherlands Bobby Peta
11%
FW Scotland Craig Beattie
11%
FW Netherlands Derk Boerrigter
11%
FW Senegal Diomansy Kamara
11%
MF Scotland Dylan McGeouch
11%
MF Scotland Ewan Henderson
11%
DF Scotland John Kennedy
11%
MF Scotland Kris Commons
11%
FW Tunisia Lassad Nouioui
11%
MF Scotland Liam Henderson
11%
FW Venezuela Miku Fedor
11%
MF Northern Ireland Nial McGinn
11%
DF Ivory Coast Oliver Tebily
11%
MF England Patrick Roberts
11%
MF Scotland Paul McGowan
11%
MF Scotland Ross Wallace
11%
FW England Scott Sinclair
11%
FW Scotland Simon Lynch
11%
FW Scotland Mark Burchill
0%
No matching quizzes found
Score Distribution
Percent of People with Each Score
Percentile by Number Answered
Your Score History
You have not taken this quiz since the last reset